| 000 | 00383nam a2200145Ia 4500 | ||
|---|---|---|---|
| 008 | 210210b1991 xxu||||| |||| 00| 0 eng d | ||
| 082 | _a294.5514 RAOP | ||
| 100 | _aRAO (S K Ramachandra). | ||
| 245 | _aPrinciples of yajna vidhi. | ||
| 260 |
_aNew Delhi _bKalpatharu Research Academy _c1991 |
||
| 300 | _aviii,113 | ||
| 650 | _aYajna Tantrik | ||
| 690 | _aHinduism | ||
| 906 | _a050250 | ||
| 999 |
_c98770 _d98770 |
||